Catálogo
 En Linea

Napoleón / (Registro nro. 35389)

Detalles MARC
000 -CABECERA
campo de control de longitud fija 00590nam a2200181 a 4500
001 - NÚMERO DE CONTROL
campo de control 000035898
005 - FECHA Y HORA DE LA ÚLTIMA TRANSACCIÓN
campo de control 20200930074713.0
008 - DATOS DE LONGITUD FIJA--INFORMACIÓN GENERAL
campo de control de longitud fija 111115s19uu ru a 000 0 spa d
040 ## - FUENTE DE LA CATALOGACIÓN
Centro catalogador/agencia de origen DO-SdBNP
Lengua de catalogación spa
Centro/agencia transcriptor BNPHU
082 ## - NÚMERO DE LA CLASIFICACIÓN DECIMAL DEWEY
Número de clasificación xxx
Número de documento/Ítem T188
100 1# - ENTRADA PRINCIPAL--NOMBRE DE PERSONA
Nombre de persona Tarle, Evgeniiï Viktorovich,
Fechas asociadas al nombre 1874-1955.
9 (RLIN) 61894
245 10 - MENCIÓN DE TÍTULO
Título Napoleón /
Mención de responsabilidad, etc. E. Tarlé ; traduit du J. Champenois ; Presentation de D. Bisti.
250 ## - MENCIÓN DE EDICIÓN
Mención de edición 2a ed.
260 ## - PUBLICACIÓN, DISTRIBUCIÓN, ETC.
Lugar de publicación, distribución, etc. Moscou :
Nombre del editor, distribuidor, etc. Editions en langues etrangeres,
Fecha de publicación, distribución, etc. [19--?].
300 ## - DESCRIPCIÓN FÍSICA
Extensión 590 p. :
Otras características físicas il. ;
Dimensiones 21 cm.
700 1# - PUNTO DE ACCESO ADICIONAL--NOMBRE DE PERSONA
Nombre de persona Champenois, J.,
Término indicativo de función/relación tr.
9 (RLIN) 61895
700 1# - PUNTO DE ACCESO ADICIONAL--NOMBRE DE PERSONA
Nombre de persona Bisti, D.,
9 (RLIN) 61896
Existencias
Estado de retiro Estado de pérdida Restricciones de uso No para préstamo Código de colección Localización permanente Ubicación/localización actual Ubicación en estantería Fecha de adquisición Número de inventario Total de préstamos Signatura topográfica completa Código de barras Fecha visto por última vez Precio válido a partir de Tipo de ítem Koha Nota pública
      Excluido de préstamo Raros y valiosos General General En catalogación 18.11.2011 LF1   xxx T188 35898-10 25.06.2020 25.06.2020 No se presta Perteneció a la biblioteca personal de Juan Isidro Jimenes- Grullón

Con tecnología Koha